History Quiz

Random History or Century Quiz

What Came First? 20th Century Quiz Stats

 Plays Quiz Updated Mar 23, 2018

Challenge
Share
Tweet
Embed
Score 0/20 Timer 06:00
1 Play Today
Question Answer Wrong Answers
Who died first? Jimi Hendrix
75.4%
Kurt Cobain
2.9%
John Lennon
16.9%
Which event came first? Death of Winston Churchill
72.7%
Resignation of Richard Nixon
7.8%
Death of Nikita Khrushchev
19.4%
Which website debuted first? Yahoo!
72%
eBay
12.3%
Google
9.8%
Which cartoon debuted first? The Flintstones
71.5%
The Jetsons
17.3%
Scooby-Doo, Where Are You!
7.6%
Which movie debuted first? Jaws
71.4%
Star Wars: Episode IV - A New Hope
19.3%
Raiders of the Lost Ark
5.4%
Which scandal occurred first? Teapot Dome
66.5%
Watergate
22.3%
Iran-Contra
5.3%
Who was assassinated first? Mahatma Gandhi
65.6%
John Kennedy
24.6%
Anwar Sadat
9%
Which event came first? D-Day
61.6%
V-E Day
8.8%
Trinity atomic bomb test
27.6%
Which event came first? German invasion of the Soviet Union (Operation Barbarossa)
59.5%
Japanese attack on Pearl Harbor
28%
Germany declares war on US
9.2%
Which ship sank first? Titanic
58.6%
Lusitania
25.9%
Andrea Doria
15.3%
Which event came first? Challenger space shuttle disaster
57.7%
Ronald Reagan's 'Tear down this wall!' speech
33.8%
World Trade Center parking garage bombing
5.8%
Which music festival came first? Lollapalooza
56.2%
Bonnaroo
20.6%
Coachella
17%
Which television program debuted first? Leave it to Beaver
52.6%
Car 54 Where Are You?
28.7%
The Addams Family
17.1%
Which event came first? Green Bay Packers defeat Kansas City Chiefs to win first Super Bowl
52.1%
Bobby Fischer defeats Boris Spassky for World Chess Championship
19.1%
New York Mets defeat Baltimore Orioles to win World Series
23.9%
Which American World's Fair came first? St. Louis
51.8%
San Francisco
8.2%
Chicago
34.2%
Which show made its Broadway debut first? A Chorus Line
49.5%
Cats
26.2%
Les Misérables
18.5%
Which event came first? Lindbergh crosses the Atlantic
48.4%
Ruth hits 60th home run of the season
24.7%
Black Tuesday stock market crash
22.7%
Which event came first? Martin Luther King Jr. 'I Have a Dream' speech
44.2%
Thurgood Marshall appointed to Supreme Court
29.8%
Watts riots
20.4%
Which event came first? Inauguration of Dwight Eisenhower as US President
36.1%
Coronation of Queen Elizabeth II
48.5%
Korean Armistice Agreement
10.2%
Which actor won an Oscar for Best Actor in a Leading Role first? Jack Nicholson
26.2%
Paul Newman
53.9%
Robert De Niro
13.5%

You're not logged in!

Compare scores with friends on all Sporcle quizzes.
OR
Log In

You Might Also Like...

Show Comments

Extras

Top Quizzes Today


Score Distribution

Your Account Isn't Verified!

In order to create a playlist on Sporcle, you need to verify the email address you used during registration. Go to your Sporcle Settings to finish the process.

Report this User

Report this user for behavior that violates our Community Guidelines.

Details: